Bilingüismo y educación bilingüe en Colombia /

Guardat en:
Dades bibliogràfiques
Autor principal: Arias Castaño, Enrique (autor.)
Format: eBook
Idioma:espanyol
Publicat: Pereira, Colombia : Universidad Tecnológica de Pereira : Editorial UTP, 2024.
Col·lecció:Ensayos.
Matèries:
Accés en línia:https://elibro.unach.elogim.com/es/lc/unach/titulos/287155
Etiquetes: Afegir etiqueta
Sense etiquetes, Sigues el primer a etiquetar aquest registre!

MARC

LEADER 00000nam a2200000Ii 4500
001 ELB287155
003 FINmELB
005 20251023123000.0
006 m o d |
007 cr cnu||||||||
008 251022s2024 ck ob 000 0 spa d
020 |a 9789587229929  |q (ebook) 
020 |z 9789587229912 
035 |a (OCoLC)1553196838 
040 |a FINmELB  |b spa  |e rda  |c FINmELB 
043 |a s-ck--- 
050 4 |a P115.5.C7  |b A753 2024 
080 |a 81`246.2(862) 
082 0 4 |a 306.44609861  |2 23 
100 1 |a Arias Castaño, Enrique,  |e autor. 
245 1 0 |a Bilingüismo y educación bilingüe en Colombia /  |c Enrique Arias Castaño. 
264 1 |a Pereira, Colombia :  |b Universidad Tecnológica de Pereira :  |b Editorial UTP,  |c 2024. 
300 |a 1 recurso en línea 
336 |a texto  |b txt  |2 rdacontent/spa 
337 |a computadora  |b c  |2 rdamedia/spa 
338 |a recurso en línea  |b cr  |2 rdacarrier/spa 
490 1 |a Ensayos 
500 |a "Universidad Tecnológica de Pereira. Facultad de Bellas Artes y Humanidades"--Portada. 
504 |a Incluye referencias bibliográficas. 
588 |a Descripción basada en metadatos suministrados por el editor y otras fuentes. 
590 |a Recurso electrónico. Santa Fe, Arg.: elibro, 2025. Disponible vía World Wide Web. El acceso puede estar limitado para las bibliotecas afiliadas a elibro. 
650 4 |a Bilingüismo  |z Colombia. 
650 4 |a Educación bilingüe  |z Colombia. 
655 4 |a Libros electrónicos. 
797 2 |a elibro, Corp. 
830 0 |a Ensayos. 
856 4 0 |u https://elibro.unach.elogim.com/es/lc/unach/titulos/287155